| 000 | 00889nas a2200277 4500 | ||
|---|---|---|---|
| 001 | BR0704582 | ||
| 003 | BR-BrBNA | ||
| 005 | 20231205111125.0 | ||
| 007 | ta | ||
| 008 | 230509b bl.|||p| |||| 00| 00por d | ||
| 040 |
_aBR-BrBNA _bpor _cBiblioteca Nacional de Agricultura |
||
| 041 | _a(Pt) | ||
| 072 | _aH10 | ||
| 100 | 1 | _aGuimarães, J.A. | |
| 100 | 1 | _aZucchi, R.A. | |
| 100 | 1 | _aDiaz, N.B. | |
| 100 | 1 | _aSouza Filho, M.F. de | |
| 100 | 1 | _aUchôa. F.M.A. | |
| 245 | 1 | _aEspécies de Eucoilinae (Hymenoptera: Cynipoidea:Figitidae)parasitóides de larvas frugívoras (Diptera: Tephritidae e Lonchaeisae)no Brasil | |
| 650 | _aPARASITO | ||
| 650 | _aVERME | ||
| 650 | _aLARVA | ||
| 773 | 0 |
_tAnais da Sociedade Entomológica do Brasil (Brazil) _xISSN 0301-8059 _g(Jun 1999), v. 28(2) p. 263-272 _wBR0704582 |
|
| 909 |
_a202311 _bLúcia _c55 _dLúcia Elande |
||
| 942 |
_2AGRIS _n0 _cANA |
||
| 999 |
_c190800 _d190800 |
||